000 00527nam a2200169 4500
008 01981 1980 0i 000 0MEX
020 _a968-6046-37-2
050 _aTP149 S54 1981
082 _a660.284.24 S824i
100 _aSmith, J. M.
245 _aIntroduccion a la termodinamica en ingenieria quimica / J. M. Smith, C. H. Van Nest
250 _a1
260 _aMexico : McGraw-Hill
300 _axv, 668 p. / 24 cm.
650 _a1. TERMODINAMICA \ 2. INGENIERIA QUIMICA
700 _aI. Van Ness, C. H. coaut.
999 _c18990
_d18990